Thinking about Christian apologetics : (Record no. 8252)

MARC details
000 -LEADER
fixed length control field 01532cam a22003134a 4500
001 - CONTROL NUMBER
control field 16814583
003 - CONTROL NUMBER IDENTIFIER
control field GBCCL
005 - DATE AND TIME OF LATEST TRANSACTION
control field 20241126110646.0
008 - FIXED-LENGTH DATA ELEMENTS--GENERAL INFORMATION
fixed length control field 110608s2011 ilu b 001 0 eng
010 ## -
-- 2011023120
020 ## - INTERNATIONAL STANDARD BOOK NUMBER
International Standard Book Number 9780830839452 (pbk. : alk. paper)
020 ## - INTERNATIONAL STANDARD BOOK NUMBER
International Standard Book Number 0830839453 (pbk. : alk. paper)
035 ## - SYSTEM CONTROL NUMBER
System control number (OCoLC)ocn730114590
040 ## - CATALOGING SOURCE
Original cataloging agency DLC
Transcribing agency DLC
Modifying agency YDX
-- YDXCP
-- BWX
-- ZID
-- DLC
042 ## -
-- pcc
050 00 -
-- BT1103
-- .B45 2011
082 00 - DEWEY DECIMAL CLASSIFICATION NUMBER
Classification number 239
Edition information 23
Item number BEI
100 1# - MAIN ENTRY--PERSONAL NAME
Personal name Beilby, James K.
9 (RLIN) 14364
245 10 - TITLE STATEMENT
Title Thinking about Christian apologetics :
Remainder of title what it is and why we do it /
Statement of responsibility, etc. James Beilby.
260 ## - PUBLICATION, DISTRIBUTION, ETC.
Place of publication, distribution, etc. Downers Grove, Ill. :
Name of publisher, distributor, etc. IVP Academic,
Date of publication, distribution, etc. c2011.
300 ## - PHYSICAL DESCRIPTION
Extent 214 p. ;
Dimensions 21 cm.
504 ## - BIBLIOGRAPHY, ETC. NOTE
Bibliography, etc. note Includes bibliographical references and index.
505 0# - FORMATTED CONTENTS NOTE
Formatted contents note What is Christian apologetics? -- Patristic and medieval apologetics -- Modern and contemporary apologetics -- Varieties of apologetics -- Philosophical objections to apologetics -- Biblical and theological objections to apologetics -- Doing apologetics well.
520 ## - SUMMARY, ETC.
Summary, etc. Most introductions to apologetics jump right into the "how to" of defending the faith. This book looks at more foundational questions. And if you are interested in defending and commending the faith, Thinking About Christian Apologetics is the place to start.
650 #0 - SUBJECT ADDED ENTRY--TOPICAL TERM
Topical term or geographic name entry element Apologetics.
9 (RLIN) 85
906 ## - LOCAL DATA ELEMENT F, LDF (RLIN)
a 7
b cbc
c orignew
d 1
e ecip
f 20
g y-gencatlg
942 ## - ADDED ENTRY ELEMENTS (KOHA)
Source of classification or shelving scheme Dewey Decimal Classification
Koha item type Books
Koha issues (borrowed), all copies 10
Holdings
Withdrawn status Lost status Source of classification or shelving scheme Damaged status Not for loan Home library Current Library Shelving location Date acquired Source of acquisition Cost, normal purchase price Total checkouts Total renewals Full call number Barcode Date last seen Date last checked out Copy number Cost, replacement price Price effective from Koha item type Date due
    Dewey Decimal Classification     GRACE BIBLE COLLEGE GRACE BIBLE COLLEGE Theology 2019-09-10 1 1261.00 7 2 239 BEI 014988 2025-07-29 2025-07-23 c.1 1261.00 2019-09-10 Books  
    Dewey Decimal Classification     GRACE BIBLE COLLEGE GRACE BIBLE COLLEGE Theology 2024-06-21         239 BEI 016901 2025-05-01   c.2   2024-06-21 Books  
    Dewey Decimal Classification     GRACE BIBLE COLLEGE GRACE BIBLE COLLEGE Theology 2024-06-21     4 3 239 BEI 016902 2025-09-08 2025-09-01 c.3   2024-06-21 Books  
    Dewey Decimal Classification     GRACE BIBLE COLLEGE GRACE BIBLE COLLEGE Theology 2024-06-21     6   239 BEI 016903 2026-04-16 2026-04-16 c.4   2024-06-21 Books 2026-05-28
© Grace Bible College Library 2025